| 000 | 00460nam a2200169Ia 4500 | ||
|---|---|---|---|
| 003 | GCL | ||
| 008 | 140319s9999 xx 000 0 ara d | ||
| 040 |
_aGCL / _cGCL |
||
| 082 | 0 | 4 |
_aق _b910.0962 _bس ح |
| 100 | 1 | _aسليمان حزين | |
| 245 | 1 | 0 |
_aحضارة مصر : ارض الكنانة / _cسليمان حزين |
| 300 | _a320 ص | ||
| 490 | _a | ||
| 650 | 0 | 4 | _aالجغرافيا البشرية |
| 650 | 0 | 4 | _aمصر - تاريخ |
| 942 |
_2ddc _cBK |
||
| 999 |
_c44915 _d44915 |
||